|
|
|
|
| LEADER |
00000nam0a2200000 4500 |
| 001 |
34611 |
| 005 |
20231101210239.0 |
| 035 |
|
|
|a (RuTPU)RU\TPU\book\35013
|
| 035 |
|
|
|a BOOK00001664
|
| 090 |
|
|
|a 34611
|
| 100 |
|
|
|a 20011210d1978 m y0rusy50 ca
|
| 101 |
0 |
|
|a rus
|
| 102 |
|
|
|a RU
|
| 105 |
|
|
|a y j 000zy
|
| 200 |
1 |
|
|a Металловедение
|e учебное пособие
|f А. П. Гуляев
|
| 205 |
|
|
|a 5-е изд., перераб. и доп.
|
| 210 |
|
|
|a Москва
|c Металлургия
|d 1978
|
| 215 |
|
|
|a 647 с.
|
| 451 |
|
1 |
|0 (RuTPU)RU\TPU\book\34188
|t Металловедение
|o учебное пособие
|f А. П. Гуляев
|e 6-е изд., перераб. и доп.
|c М.
|n Стройиздат
|d 1986
|p 544 с.
|a Гуляев, Александр Павлович
|
| 451 |
|
1 |
|0 (RuTPU)RU\TPU\book\35012
|t Металловедение
|o учебное пособие
|f А. П. Гуляев
|e 5-е изд., перераб. и доп.
|c М.
|n Металлургия
|d 1977
|p 647 с.
|a Гуляев, Александр Павлович
|
| 453 |
|
1 |
|0 (RuTPU)RU\TPU\book\375928
|t Металловедение
|l Physical Metallurgy
|o [учебное пособие]
|f А. П. Гуляев
|h Т. 1
|c Москва
|n Мир
|d 1980
|p 647 с.
|a Гуляев, Александр Павлович
|
| 606 |
1 |
|
|a Металловедение
|x Общие вопросы
|2 stltpush
|3 (RuTPU)RU\TPU\subj\42403
|9 62070
|
| 610 |
1 |
|
|a термообработка
|
| 610 |
1 |
|
|a теоретическое металловедение
|
| 610 |
1 |
|
|a металлические материалы
|
| 610 |
1 |
|
|a технологические процессы
|
| 610 |
1 |
|
|a учебные пособия
|
| 675 |
|
|
|a 669.017(075.8)
|v 3
|
| 700 |
|
1 |
|a Гуляев
|b А. П.
|g Александр Павлович
|
| 801 |
|
0 |
|a RU
|b 63413507
|c 20011210
|g PSBO
|
| 801 |
|
2 |
|a RU
|b 63413507
|c 20210415
|g PSBO
|
| 900 |
|
|
|a Технология металлов и трубопроводностроительных материалов
|
| 900 |
|
|
|a Материаловедение
|
| 900 |
|
|
|a Сварка специальных сталей и сплавов
|
| 900 |
|
|
|a Металловедение и термическая обработка
|
| 942 |
|
|
|c BK
|